Calculus : (Record no. 140726)
[ view plain ]
| 000 -LEADER | |
|---|---|
| fixed length control field | 01348nam a22002777a 4500 |
| 005 - DATE AND TIME OF LATEST TRANSACTION | |
| control field | 20260512103603.0 |
| 008 - FIXED-LENGTH DATA ELEMENTS--GENERAL INFORMATION | |
| fixed length control field | 260512m20212016|||||||| |||| 00| 0 eng d |
| 020 ## - INTERNATIONAL STANDARD BOOK NUMBER | |
| International Standard Book Number | 9780357113462 |
| 040 ## - CATALOGING SOURCE | |
| Transcribing agency | PK-LaUMT |
| 082 ## - DEWEY DECIMAL CLASSIFICATION NUMBER | |
| Classification number | 515 |
| Item number | STE-C |
| 100 1# - MAIN ENTRY--PERSONAL NAME | |
| Personal name | Stewart, James |
| 245 10 - TITLE STATEMENT | |
| Title | Calculus : |
| Remainder of title | metric version / |
| Statement of responsibility, etc | James Stewart, Daniel Clegg and Saleem Watson |
| 250 ## - EDITION STATEMENT | |
| Edition statement | 9th ed. |
| 260 ## - PUBLICATION, DISTRIBUTION, ETC. (IMPRINT) | |
| Place of publication, distribution, etc | Boston : |
| Name of publisher, distributor, etc | Cengage Learning, |
| Date of publication, distribution, etc | 2021 |
| 300 ## - PHYSICAL DESCRIPTION | |
| Extent | Various paging |
| 500 ## - GENERAL NOTE | |
| General note | Index present |
| 520 ## - SUMMARY, ETC. | |
| Summary, etc | "James Stewart's Calculus, Metric series is the top-seller in the world because of its problem-solving focus, mathematical precision and accuracy, and outstanding examples and problem sets. Selected and mentored by Stewart, Daniel Clegg and Saleem Watson continue his legacy of providing students with the strongest foundation for a STEM future. Their careful refinements retain Stewart's clarity of exposition and make the 9th Edition even more usable as a teaching tool for instructors and as a learning tool for students." -- Provided by publisher |
| 546 ## - LANGUAGE NOTE | |
| Language note | Eng |
| 650 ## - SUBJECT ADDED ENTRY--TOPICAL TERM | |
| Topical term or geographic name as entry element | Calculus |
| 650 ## - SUBJECT ADDED ENTRY--TOPICAL TERM | |
| Topical term or geographic name as entry element | Calculus-Textbooks |
| 650 ## - SUBJECT ADDED ENTRY--TOPICAL TERM | |
| Topical term or geographic name as entry element | Mathematical analysis |
| 650 ## - SUBJECT ADDED ENTRY--TOPICAL TERM | |
| Topical term or geographic name as entry element | Mathematical analysis-Problems, exercises, etc |
| 700 1# - ADDED ENTRY--PERSONAL NAME | |
| Personal name | Clegg, Daniel |
| 700 1# - ADDED ENTRY--PERSONAL NAME | |
| Personal name | Watson, Saleem |
| 942 ## - ADDED ENTRY ELEMENTS (KOHA) | |
| Koha item type | Books |
| Withdrawn status | Lost status | Damaged status | Home library | Current library | Date acquired | Full call number | Barcode | Date last seen | Price effective from | Koha item type | Copy number |
|---|---|---|---|---|---|---|---|---|---|---|---|
| UMT Main Campus | UMT Main Campus | 2026-05-12 | 515 STE-C | 152569 | 2026-05-12 | 2026-05-12 | Books | ||||
| UMT Main Campus | UMT Main Campus | 2026-06-10 | 515 STE-C | 153087 | 2026-06-10 | 2026-06-10 | Books | C.2 |
